Pruebas de comprensión lectora y producción de textos CL-PT: Kínder a 4§ Año Básico. Marco conceptual y manual de aplicación y corrección

Guardat en:
Dades bibliogràfiques
Autors principals: Medina Moreno, Alejandra (autora), Gajardo, Ana María (Autor)
Autor corporatiu: Fundación Educacional Arauco (Autor)
Format: Llibre
Idioma:espanyol
Publicat: Santiago Universidad Católica de Chile 2009
Edició:1a. ed
Col·lecció:Aprendizaje
Matèries:
Etiquetes: Afegir etiqueta
Sense etiquetes, Sigues el primer a etiquetar aquest registre!

MARC

LEADER 00000nam a2200000 a 4500
001 UCH9624
003 CL-VaPUC
008 100114e20090900CL |||||||||||||||||spa|d
020 |a 9789561410756 
082 0 4 |a 372.41  |b MED  |2 21 
100 |a Medina Moreno, Alejandra  |e autora  |9 558156 
700 0 |a Gajardo, Ana María  |e author  |9 546804 
110 2 |a Fundación Educacional Arauco  |e author  |9 546805 
245 1 0 |a Pruebas de comprensión lectora y producción de textos CL-PT: Kínder a 4§ Año Básico. Marco conceptual y manual de aplicación y corrección 
250 |a 1a. ed 
300 |a 308 p 
942 |c BK 
945 |d 20100114 00:00:00  |a dcastane 
260 |a Santiago  |b Universidad Católica de Chile  |c 2009 
500 |a Incluye CD con programa computacional 
650 0 |a Comprensión de lectura  |9 307588 
650 0 |a Enseñanza de la lectura  |9 308364 
650 0 |a Expresión escrita  |9 334816 
650 0 |a Escritura  |9 264941 
583 |a last modification  |c 20100114 00:00:00  |k Rodrigo Vera 
490 0 |a Aprendizaje 
999 |c 339545  |d 339543 
952 |0 0  |1 0  |4 0  |6 372_410000000000000_MED_2009  |7 0  |8 R  |9 433246  |a BIBEDU  |b BIBEDU  |c MCIRC  |d 2019-11-22  |i 4633407  |l 8  |o 372.41 MED 2009  |p 4633407  |r 2024-09-09  |s 2024-09-06  |w 2019-11-22  |y BK_R  |k EPE 
952 |0 0  |1 0  |4 0  |6 372_410000000000000_MED_2009  |7 0  |8 A  |9 433247  |a FDOPOS  |b FDOPOS  |d 2019-11-22  |i 4654560  |o 372.41 MED 2009  |p 4654560  |r 2025-01-22  |w 2019-11-22  |y BK  |k DLA 
952 |0 0  |1 0  |4 0  |6 372_410000000000000_MED_2009  |7 0  |8 A  |9 433248  |a FDOPOS  |b FDOPOS  |d 2019-11-22  |i 4779754  |o 372.41 MED 2009  |p 4779754  |r 2025-01-22  |w 2019-11-22  |y BK  |k DLA